01789nam a22002177a 4500003001000000005001700010008004100027020001800068040001400086041000700100100004200107245003300149260002800182300001200210500006700222520122900289650001101518654001101529942001201540999001901552IT-MiCISF20240716121433.0240716b |||||||| |||| 00| 0 eng d a9788829017201 cIT-MiCISF ait aGiancola Orazio, Salmieri Luca960890 a----vuoto----b----vuoto---- aRoma, bCarocci, c2023 app. 231 ascuola, stratificazione-sociale, famiglia, reddito, statistica aDibattito pubblico e senso comune associano erroneamente la povertà educativa ai soli paesi in via di sviluppo, mentre è invece molto diffusa anche in un paese avanzato come l’Italia, dove si riproduce per via intergenerazionale, colpisce persino i diplomati e include una quota consistente di adulti. Nel nostro paese molti hanno smesso di “imparare a imparare” e hanno sovente dimenticato ciò che hanno appreso a scuola. Mentre la politica si limita a fare della scuola il capro espiatorio, nessuno si preoccupa di comprendere come in realtà sia il contesto culturale extrascolastico ad alimentare il fenomeno. Il volume, che raccoglie e integra ricerche empiriche sulle competenze di base non solo degli studenti ma dell’intera popolazione italiana, spiega che cos’è la povertà educativa, come se ne misurano l’intensità e la diffusione, quali fattori ne influenzano la riproduzione, dove si nascondono le sue molteplici cause e in quali ambiti se ne osservano gli effetti più sfavorevoli. Ne emerge un panorama allarmante, a fronte del quale i decisori politici dovrebbero reagire con interventi di ampio respiro, di lungo periodo e rivolti alla fetta più ampia possibile della popolazione. aScuola asaggio 2ddccBK c360197d360199